000 00516cam a2200169 4500
001 000018253
005 20200929165425.0
008 730924s1972 xxc rb 000 0beng
020 _a0771019157
040 _aDO-SdBNP
_bspa
_cBNPHU
082 _axxxx
_bxxxx
100 1 _aCasgrain, Therese F.
_939543
245 1 0 _aA woman in a man's world /
_cTherese F. Casgrain ; traducción Joyce Marshall.
260 _aCanada :
_bMcClelland and Stewart,
_c1972.
300 _a192 p. ;
_c24 cm.
590 _aInventariado, 2019/BT
999 _c17774
_d17774